000 00829cam a22002893a 4500
001 20858
003 PGUSA
005 20140828083438.0
008 070320s2007||||xxu|||||s|||||000 1 eng d
040 _aPGUSA
_beng
042 _adc
050 4 _aPT
050 4 _aPZ
100 1 _aCampe, Joachim Heinrich,
_d1746-1818
245 1 0 _aAng Bagong Robinson (Tomo 1)
_h[electronic resource] /
_cJoachim Heinrich Campe
260 _bProject Gutenberg,
_c2007
506 _aPublic domain in the USA.
516 _aElectronic text
653 _aRobinsonades
653 _aShipwrecks -- Fiction
653 _aSurvival -- Fiction
700 1 _aTuason, Joaquín,
_d1843-1908
700 1 _aIriarte, Tomás de,
_d1750-1791
830 0 _aProject Gutenberg
_v20858
856 4 0 _uhttp://www.gutenberg.org/ebooks/20858
942 _cEB
999 _c250113
_d250113